主な合金 - Statistics

General Stats
  • This quiz has been taken 45 times
  • The average score is 16 of 25
Answer Stats
名称 割合(%) 主な成分(元素記号) 性質 利用例 % Correct
主成分 Fe 硬くて強く、加工しやすい 建築材料、鉄道のレール
100%
ステンレス鋼 主成分 Fe さびにくい 台所用品、鉄道車両、工具
90%
15~20 Cr
87%
青銅(ブロンズ) 主成分 Cu 融点が適度に低く、型に流して固めやすい 硬貨、美術工芸品
87%
黄銅(真鍮) 主成分 Cu 加工しやすく、美しい、さびにくい 硬貨、楽器
87%
白銅 主成分 Cu さびにくい、熱に強い、銀に似た輝きをもつ 硬貨、船舶の部品
87%
ジュラルミン 主成分 Al 軽くて強い 航空機の機体
83%
ニクロム 60~80 Ni 電気抵抗が適度に大きい 電熱線
80%
0.04~2 C
77%
アマルガム 主成分 Hg 常温で液体になるものもある 過去に歯科用の充填剤
73%
5~15 Sn
70%
20以上 Zn
67%
1.2以下 C
63%
10.5以上 Cr
63%
8~22 Ni
60%
10~30 Ni
57%
昔の主成分 Pb
57%
3.5~4.5 Cu
47%
形状記憶合金(主要なもの) 主成分 Ni 変形しても、加熱すると元の形に戻る 温度センサー
43%
はんだ 96.5以上 Sn 融点が適度に低い 金属同士の接合
43%
主成分 Ti
40%
0.3以上 Ag
37%
0.4~0.8 Mg
33%
0.5以上 Cu
30%
約0.5 Mn
30%
No matching quizzes found
Score Distribution
Percent of People with Each Score
Percentile by Number Answered
Your Score History
You have not taken this quiz